00442 2200169 4500245006400000020002300064250001100087100002100098700002400119650001200143005001900155260003800174041001400212084001100226300002600237336000900263 aPetunjuk Bagi Pembina Penegak PutricBunda D. BunakimhText a978-602-960214-3-5 aCet. 2 aBunda D. Bunakim aRini Palupi Hartomo aPramuka a20230210091313 aJakartabPustaka Tunasmediac2012 aIndonesia a369.43 avi, 74 hlm. :c21 cm. atext